000 00513nam a2200169 a 4500
001 000028981
005 20200930055245.0
008 110413s1983 dr 000 e spa d
040 _aDO-SdBNP
_bspa
_cBNPHU
082 _axxx
_bS232c, 1983
100 1 _aSantana, Julio César
_936086
245 1 3 _aEl camino de la juventud :
_bensayo /
_cJulio César Santana.
250 _a3a ed. rev.
260 _aSan Pedro de Macorís, República Dominicana :
_bImp. Olga,
_c1983.
300 _a24 p. ;
_c21 cm.
049 _aBNPD
999 _c28473
_d28473